000 00327nam a2200133 i 4500
001 bg
100 1 _aWESOŁOWSKI, Włodzimierz
245 0 _aKlasy, warstwy i władza /
_cWłodzimierz Wesołowski.
260 _aWarszawa,
_c1980.
040 _cBPK
041 _apol
942 _cKS
008 s pl f |000 0 pol
999 _c21569
_d21569
856 _uhttp://koha.tu.koszalin.pl/cgi-bin/koha/opac-detail.pl?biblionumber=21569
_yKatalog online BPK